|
|
|
|
| LEADER |
00000nam0a2200000 4500 |
| 001 |
346826 |
| 005 |
20231102005929.0 |
| 010 |
|
|
|a 9785972908332
|
| 035 |
|
|
|a (RuTPU)RU\TPU\book\378711
|
| 090 |
|
|
|a 346826
|
| 100 |
|
|
|a 20211119d2022 m y0rusy50 ca
|
| 101 |
0 |
|
|a rus
|
| 102 |
|
|
|a RU
|
| 105 |
|
|
|a a j 001zy
|
| 200 |
1 |
|
|a Газораспределение
|e учебник для вузов
|f А. А. Коршак, С. В. Китаев, Е. А. Любин, В. В. Миронов
|
| 210 |
|
|
|a Москва
|a Вологда
|c Инфра-Инженерия
|d 2022
|
| 215 |
|
|
|a 589 с.
|c ил.
|
| 320 |
|
|
|a Библиогр.: с. 580-583
|
| 330 |
|
|
|a Рассматриваются структура, основные объекты, элементы систем газораспределения, горючие газы, используемые в газоснабжении, а также особенности использования для этих целей сжиженных газов. Приведены данные о методах проектного расчета систем газораспределения и о требованиях к оформлению графической части проектов. Рассматриваются методы прокладки и виды работ при сооружении газопроводов, технологии сооружения хранилищ природного газа и газорегуляторных станций. Изложены вопросы эксплуатации сети газораспределения и сети газопотребления. Приводятся данные об эксплуатации объектов снабжения сжиженными газами и об оперативно-диспетчерском управлении системами газораспределения. Книга рассчитана на студентов высших учебных заведений, работников предприятий газораспределения, а также всех, кто интересуется газоснабжением.
|
| 606 |
1 |
|
|a Газы природные горючие
|x Хранение и транспорт
|2 stltpush
|3 (RuTPU)RU\TPU\subj\5372
|9 33467
|
| 610 |
1 |
|
|a газораспределение
|
| 610 |
1 |
|
|a газорегуляторные станции
|
| 610 |
1 |
|
|a газопроводы
|
| 610 |
1 |
|
|a газопотребление
|
| 610 |
1 |
|
|a сети
|
| 610 |
1 |
|
|a природный газ
|
| 610 |
1 |
|
|a отпуск
|
| 610 |
1 |
|
|a газоснабжение
|
| 610 |
1 |
|
|a сжиженные углеводородные газы
|
| 610 |
1 |
|
|a проектные расчеты
|
| 610 |
1 |
|
|a графическая часть
|
| 610 |
1 |
|
|a оформление
|
| 610 |
1 |
|
|a газораспределительные системы
|
| 610 |
1 |
|
|a объекты
|
| 610 |
1 |
|
|a сооружение
|
| 610 |
1 |
|
|a эксплуатация
|
| 610 |
1 |
|
|a оперативно-диспетчерское управление
|
| 610 |
1 |
|
|a безопасность
|
| 610 |
1 |
|
|a охрана труда
|
| 610 |
1 |
|
|a учебники
|
| 675 |
|
|
|a 622.691(075.8)
|v 4
|
| 701 |
|
1 |
|a Коршак
|b А. А.
|g Алексей Анатольевич
|
| 701 |
|
1 |
|a Китаев
|b С. В.
|g Сергей Владимирович
|
| 701 |
|
1 |
|a Любин
|b Е. А.
|g Евгений Анатольевич
|
| 701 |
|
1 |
|a Миронов
|b В. В.
|g Виктор Владимирович
|
| 801 |
|
1 |
|a RU
|b 63413507
|c 20211119
|
| 801 |
|
2 |
|a RU
|b 63413507
|c 20220112
|g RCR
|
| 942 |
|
|
|c BK
|
| 959 |
|
|
|a 10/20211119
|d 3
|e 1350,00
|f УФ:2
|f ЧЗТЛ:1
|